Platobné systémy EÚ bakalárska práca

Enregistré dans:
Détails bibliographiques
Auteur principal: Ončák, Jozef
Collectivité auteur: Národohospodárska fakulta EU. Katedra bankovníctva a medzinárodných financií
Autres auteurs: Kolenčík, Pavol
Format: Livre
Langue:slovaque
Publié: Bratislava 2010
Tags: Ajouter un tag
Pas de tags, Soyez le premier à ajouter un tag!

MARC

LEADER 00000nbm a2200000 4500
001 0132986
005 20161109111459.0
041 0 |a slo 
044 |a SK 
245 1 0 |a Platobné systémy EÚ  |b bakalárska práca  |c Jozef Ončák ; školiteľ: Pavol Kolenčík 
264 1 |a Bratislava  |c 2010 
300 |a 40 s. 
100 1 |a Ončák, Jozef 
700 1 |a Kolenčík, Pavol 
710 2 |a Národohospodárska fakulta EU. Katedra bankovníctva a medzinárodných financií